200 craft projects made easy : hundreds of beautiful things to make, plus home decorating ideas, all shown step-by-step with over 1750 photographs (Record no. 207556)
[ view plain ]
| 000 -LEADER | |
|---|---|
| fixed length control field | 00383nam a2200097Ia 4500 |
| 082 ## - DEWEY DECIMAL CLASSIFICATION NUMBER | |
| Classification number | 745.5|HILL |
| 008 - FIXED-LENGTH DATA ELEMENTS--GENERAL INFORMATION | |
| fixed length control field | 210817s9999 xx 000 0 und d |
| 100 ## - MAIN ENTRY--PERSONAL NAME | |
| Personal name | Hill, Simona London, [c.2009] |
| 9 (RLIN) | 65094 |
| 245 #0 - TITLE STATEMENT | |
| Title | 200 craft projects made easy : hundreds of beautiful things to make, plus home decorating ideas, all shown step-by-step with over 1750 photographs |
| 942 ## - ADDED ENTRY ELEMENTS | |
| item type | Books |
| Withdrawn status | Lost status | Damaged status | Not for loan | Home library | Current library | Date acquired | Cost, normal purchase price | Total Checkouts | Barcode | Date last seen | Price effective from | item type |
|---|---|---|---|---|---|---|---|---|---|---|---|---|
| Emthonjeni PL (MMID-PLEMA-EMTH) | Emthonjeni PL (MMID-PLEMA-EMTH) | 18.08.2021 | 375.00 | 3322810095555 | 18.08.2021 | 18.08.2021 | Books |